000 00434nam a2200181Ia 4500
005 20240807070643.0
008 240331s9999 xx 000 0 und d
020 _a955610089X
082 _bRAT
_a398
100 _aRatnapala, N
245 0 _aFolklore of Sri Lanka
260 _aSri Lanka
_bThe State Printing Corporation
_c1991
300 _axxvii, 211 p .,
650 _aLaw
650 _aSocial
650 _aCrime
942 _cL
999 _c2980
_d2980